000 01080cam a2200265 i 4500
001 2685992
003 ARRUPE
005 20140225170228.0
008 770411s1952 rh abch b 000 0 eng d
035 _a(OCoLC)ocm02878971
035 _a(NNC)2685992
040 _aEYW
_cEYW
_dOCL
_dZCU
050 _aSPC DT3020.V5
_bC593
099 _a968.9
_aC547
100 _aClark, J. Desmond
_98936
245 0 4 _aThe Victoria Falls :
_ba handbook to the Victoria Falls, the Batoka Gorge, and part of the Upper Zambesi River /
_cedited by J. Desmond Clark.
260 _a[Lusaka], Northern Rhodesia :
_bCommission for the Preservation ofNatural and Historical Monuments and Relics,
_c1952.
300 _a160 p. :
_bill. (part col.), facsims., maps, ports. ;
_c25 cm.
504 _aIncludes bibliographies.
651 0 _aVictoria Falls (Zimbabwe)
_98937
700 1 _aClark, J. Desmond
_q(John Desmond),
_d1916-2002.
_98938
710 1 _aNorthern Rhodesia.
_bCommission for the Preservation of Natural and Historical Monuments and Relics.
_98939
942 _2lcc
_cMONOGRAPH
999 _c120163
_d120163